000 00643nam a2200181 a 4500
001 000046103
005 20201002052635.0
008 150622sxxu dr 000 0 spa d
040 _aDO-SdBNP
_bspa
_cBNPHU
082 _axxxx
_bxxxx
100 1 _aPlatón
_942108
245 1 0 _aDefensa de Sócrates /
_ctraducción del griego, prólogo y notas de Francisco García Yagüe.
260 _aSanto Domingo :
_b[s.n.].,
_c[s.f.].
300 _a142 p. ;
_c17 cm.
500 _aIncluye referencias bibliográficas y notas al pie de las páginas.
505 0 _aFedón o de la inmortalidad del alma
700 1 2 _aGarcía Yagüe, Francisco,
_epról.
_974170
999 _c45592
_d45592